000 01495nam a2200313 a 4500
005 2011040102492.0
010 _aB-425062
020 _a9788173052538
_c2500.00
020 _a8173052530
_c2500.00
035 _aB-425062
037 _bResearchco Book Centre
082 _a726.80954
100 1 _aMisra, Neeru
_932090
245 1 4 _aThe garden tomb of Humayun :
_ban abode in paradise /
_cby Neeru Misra (and) Tanay Misra
260 _aNew Delhi
_bAryan Books International :
_c2003
270 _aPooja Apartments, 4B, Ansari Road, Darya Ganj,
_bNew Delhi
_e110002
300 _a167 p.
_bcol. ill.
_c30cm(Hb)
504 _aIncludes bibliographical references and index
600 0 0 _aHumayun,
_cEmperor of Hindustan,
_d1508-1556
_xTomb.
_932091
600 0 0 _aHumayun,
_cEmperor of Hindustan,
_d1508-1556
_xTomb
_vPictorial works.
_932092
650 0 _aTombs
_zIndia
_zDelhi.
_932093
650 0 _aTombs
_zIndia
_zDelhi
_vPictorial works.
_932094
650 0 _aGardens, Mogul
_zIndia
_zDelhi.
_932095
650 0 _aGardens, Mogul
_zIndia
_zDelhi
_vPictorial works.
_932096
700 1 _aMisra, Tanay
_926929
942 _2ddc
_cEN
_mMIS
_h726.80954
999 _c51360
_d51360